Piłka nożna - FC Barcelona - najlepsi asystenci - Statystyki

Ogólne statystyki
  • Ten quiz został rozwiązany 151 razy
  • Średni wynik to 14 z 25
Statystyki odpowiedzi
miejsce kraj status liczba występów liczba asyst zawodnik % Poprawnych
1. Argentyna aktywny 778 303 Lionel Messi
100%
4. Urugwaj aktywny 283 113 Luis Suarez
97%
8. Brazylia aktywny 186 76 Neymar
95%
3. Hiszpania koniec kariery 674 135 Andres Iniesta
94%
2. Hiszpania koniec kariery 767 184 Xavi
93%
9. Brazylia koniec kariery 207 69 Ronaldinho
80%
5. Brazylia koniec kariery 408 105 Dani Alves
73%
19. Chorwacja aktywny 310 42 Ivan Rakitić
71%
16. Hiszpania aktywny 722 46 Sergio Busquets
69%
7. Portugalia koniec kariery 249 90 Luis Figo
65%
22. Chile aktywny 141 38 Alexis Sanchez
64%
6. Hiszpania aktywny 459 99 Jordi Alba
62%
23. Kamerun koniec kariery 199 34 Samuel Eto'o
61%
15. Brazylia koniec kariery 235 47 Rivaldo
56%
10. Hiszpania aktywny 321 61 Pedro
53%
24. Hiszpania aktywny 106 34 Lamine Yamal
50%
14. Brazylia aktywny 144 50 Raphinha
45%
20. Francja aktywny 185 41 Ousmane Dembele
41%
17. Portugalia koniec kariery 161 45 Deco
37%
13 Hiszpania koniec kariery 151 50 Cesc Fabregas
33%
18. Hiszpania aktywny 373 43 Sergi Roberto
29%
12. Hiszpania koniec kariery 384 57 Pep Guardiola
26%
11. Holandia koniec kariery 257 61 Patrick Kluivert
25%
21. Hiszpania koniec kariery 300 40 Luis Enrique
14%
25. Argentyna koniec kariery 172 31 Javier Saviola
12%
Nie znaleziono quizów pasujących do podanych kryteriów
Rozkład punktacji
Procent ludzi z każdym wynikiem
Percentyl według liczby udzielonych odpowiedzi
Twoja historia wyników
Nie rozwiązałeś tego quizu